000 00656nam a2200289Ia 4500
005 20260324115948.0
008 008 260324s9999 xx 000 0 eng d
020 _a9780429252433
037 _aEBOOK
040 _aCRL
040 _beng
040 _cCRL
041 _2eng
041 _aeng
084 _qCRL
100 _aKam C. Wong
_91069865
245 0 _aPolicing in Hong Kong
245 0 _bHistory and Reform
260 _bTaylor and Francis
260 _c2015
365 _a
365 _b230
856 _uhttp://www.taylorfrancis.com/books/9780429252433
942 _cEBOOK
999 _c1747947
_d1747947